Statistics for Most valuable agricultural products in Washington

Click here to take the quiz!

General Stats

  • This quiz has been taken 20 times
  • The average score is 10 of 20

Answer Stats

Value in millions of dollarsAnswer% Correct
2250Apples
100%
1180Wheat
94%
189Grapes
82%
186Pears
82%
164Sweet Corn
82%
593Cattle
65%
679Hay
65%
142Hops
65%
700Potatoes
59%
UndisclosedChicken
53%
1160Milk
53%
534Cherries
47%
141Blueberries
41%
102Aquaculture
35%
142Eggs
29%
122Onions
29%
30Mint
24%
172Field Corn
12%
123Corn Silage
6%
306Nursery
6%

Score Distribution

Percentile by Number Answered

Percent of People with Each Score

Your Score History

You have not taken this quiz